Statystyki dla Kształty państw do góry nogami #2

Kliknij tutaj aby rozwiązać quiz!

Ogólne statystyki

  • Ten quiz został rozwiązany 67 razy
  • Średni wynik to 11 z 14

Statystyki odpowiedzi

Odpowiedź% Poprawnych
Wielka Brytania
95%
Australia
93%
Hiszpania
88%
Kanada
88%
Somalia
88%
Senegal
86%
Laos
83%
Łotwa
83%
Namibia
80%
Zambia
75%
Wenezuela
73%
Erytrea
63%
Malezja
63%
Fidżi
47%

Rozkład punktacji

Percentyl według liczby udzielonych odpowiedzi

Procent ludzi z każdym wynikiem

Twoja historia wyników

Nie rozwiązałeś tego quizu